Dnes odhalenie pomníka Hviezdoslavovho v Spišských Vlachoch

Bibliographic Details
Format: Article
Language:Slovak
Subjects:

MARC

LEADER 00000nab a22000001a 4500
001 vtls010306859
003 SK-MaSNL
005 20260305004639.0
008 110828d19361028xo |r|p|||| |000 b|slo
015 |a SNBRRBVU1918-1938 
038 |a SNKBUCL 
038 |a SNKBUVU 
040 |a SNKBUVU  |b slo  |c SNKBUCL  |e AACR2 
041 0 |a slo 
044 |a xo  |c SK 
080 |a 730.071.1  |2 1997 
080 |a 730.027  |2 1997 
080 |a 725.94  |2 1997 
245 0 0 |a Dnes odhalenie pomníka Hviezdoslavovho v Spišských Vlachoch  |c [autor] jš. 
500 |a V rubrike Chýrnik 
600 1 7 |a Ihriský, Vojtech,  |d 1899-1988  |2 MM  |9 146616 
600 1 7 |a Hviezdoslav, Pavol Országh,  |d 1849-1921  |2 MM  |9 92721 
648 7 |a 1936  |2 snkbucl  |9 309345 
650 0 7 |a slovenské sochárstvo  |2 MM  |9 3052 
650 0 7 |a busty  |2 MM  |9 29694 
650 0 7 |a pomníky  |2 MM  |9 3013 
651 7 |a Spišské Vlachy (Slovensko)  |2 MM  |9 30828 
773 0 |t Slovenská politika  |g Roč. 17, č. 248 (28.10.1936), s. 3 
852 |a SNK  |b KIS3GCP 
910 |a snkrbvumm 
958 |a VY 
999 |c 3236870  |d 3238800